| 000 | 00374nam a22001577a 4500 | ||
|---|---|---|---|
| 003 | SGT | ||
| 020 | _a9781543346268 | ||
| 082 |
_a615 _bE22S |
||
| 100 | _aSHARMA, SHALINI | ||
| 245 | _aESSENTIALS OF PHARMACY LAW & ETHICS | ||
| 260 |
_aPUNJAB _bS.VIKASH & COMPANY _c2022 |
||
| 300 | _a174 | ||
| 650 | _aPHARMACY | ||
| 653 | _a PHARMACY, LAW, ETHICS | ||
| 942 |
_2ddc _cGF BOOKS |
||
| 999 |
_c33302 _d33302 |
||